LEADER 02059nas a2200361 i 4500 001 000000248955 003 CaOOAMICUS 005 20160502000000.0 008 160420b2015 xxuuu u0 0eng r 013 $a227860 020 $a978-1-63435-004-4 040 $aSeMil$bita 245 10$aDispositions, Habits, and Virtues /$cEdited by R. E. Houser and Mirela Oliva ; Editorial Assistants Andrew Grimes and Francisco Plaza ; papers for the regular sessions were selected by the Program Committee Mirela Oliva, Michael O'Neill, Bernard Prusak. 260 $a[U.S.A.] :$bThe American Catholic Philosophical Association,$ccopyr. 2015. 260 $aHouston :$bUniversity of Saint Thomas,$ccopyr. 2015. 300 $a326 p. :$btabelle ;$c23 cm. 500 $aArticoli con sintesi in inglese [Abstract] in testa. - Contiene : ACPA Reports and Minutes [2013-2014]. 700 1 $aThe American Catholic Philosophical Association .$0(OLS)http://semarc/name/1622 774 0 $t[vedi periodico].$w()288894 850 $aSeMil 852 $aSeMil$W1$xVenegono$y1$m120 1 67$j199301$B199301$CSeMilBibl$Z2$F211025 $85 961 $aCambio: Scuola Cattolica 996 $6020$a978-1-63435-004-4$9(OLS)http://semarc/number/258881 996 $6245$aDispositions, Habits, and Virtues$9(OLS)http://semarc/title/351210 996 $6260$aHouston :$bUniversity of Saint Thomas$9(OLS)http://semarc/publisher/49433 996 $6260$a[U.S.A.] :$bThe American Catholic Philosophical Association$9(OLS)http://semarc/publisher/30384 LEADER 00991nam a2200241 i 4500 001 000000042826 003 CaOOAMICUS 005 20090731000000.0 008 090731s1960 fr u000 u fre u 013 $a13996 040 $aSeMil$bita 100 1 $aHolstein, Henri,$c.$0(OLS)http://semarc/name/90487 245 13$aLa tradition dans l'Église /$cHenri Holstein. 260 $aParis :$bB. Grasset,$c1960$e(Lagny :$fImpr. Grevin,$g1960) 300 $a299 p. ;$c19 cm. 490 0 $aÉglise et temps présent 650 4$aTradizione - Teologia.$0(OLS)http://semarc/subject/5575 650 4$aChiesa - Tradizione.$0(OLS)http://semarc/subject/9132 830 0$aÉglise et temps présent.$0(OLS)http://semarc/title/26187 850 $aSeMil 852 $aSeMil$W1$xVenegono$y1$m2B I 288$j8981$B8981$CSeMilBibl$Z2$F8981 $81 996 $6245$aLa tradition dans l'Église$9(OLS)http://semarc/title/62640 996 $6260$aParis :$bB. Grasset$9(OLS)http://semarc/publisher/35228 LEADER 01175nam a2200241 i 4500 001 000000196047 003 CaOOAMICUS 005 20110223000000.0 008 110223s1985 it u000 u ita u 013 $a174728 040 $aSeMil$bita 100 1 $aMagni, Francesco,$c.$0(OLS)http://semarc/name/61047 245 12$aI ribelli della Resistenza nelle prealpi lombarde :$b20 mesi di lotta e di speranza /$cFrancio (Dott. Francesco Magni) 260 $aPavia :$bCentro studi Enrico Mattei,$cstampa 1985. 300 $a101 p. :$bill. ;$c24 cm. 650 4$aBrianza - Resistenza.$0(OLS)http://semarc/subject/36823 650 4$aLecco - Resistenza.$0(OLS)http://semarc/subject/36634 650 4$aLombardia - Resistenza.$0(OLS)http://semarc/subject/36824 850 $aSeMil 852 $aSeMil$W1$xVenegono$y1$m3U IV 439$j146612$B146612$CSeMilBibl$Z2$F166468 $81 961 $aOmaggio: Grampa dott. Cesare 996 $6245$aI ribelli della Resistenza nelle prealpi lombarde :$b20 mesi di lotta e di speranza$9(OLS)http://semarc/title/283018 996 $6260$aPavia :$bCentro studi Enrico Mattei$9(OLS)http://semarc/publisher/50816 LEADER 01244nam a2200265 i 4500 001 000000196301 003 CaOOAMICUS 005 20240130100915.0 008 170216s1767 it u000 u ita u 026 $aa-ae X.s- e&n- (5to (3) 1767 (R) 040 $aSeMil$bita 100 1 $aZaccaria, Francesco Antonio,$c.$0(OLS)http://semarc/name/89796 245 10$aDell'antichissima Badia di Leno libri tre composti dal padre Francesco Antonio Zaccaria della Compagnia di Gesù. 264 1$aVenezia :$bPer Pietro Marcuzzi,$c1767. 300 $axx, 328 p. ;$c4°. 500 $aFregio xilogr. sul front. 500 $aSegn.: a10 A-V8 X4 (a1v e a2v bianche) 500 $aIniz. xilogr. 650 4$aLeno - Abbazia di Leno.$0(OLS)http://semarc/subject/46565 700 1 $aMarcuzzi, Pietro,$c.$0(OLS)http://semarc/name/93796 850 $aSeMil 852 $aSeMil$W1$xVenegono$y1$m3P V 12 FA$j146864$B146864$CSeMilBibl$Z2$F216045 $8I 996 $6245$aDell'antichissima Badia di Leno libri tre composti dal padre Francesco Antonio Zaccaria della Compagnia di Gesù$9(OLS)http://semarc/title/409345 996 $6264$aVenezia :$bPer Pietro Marcuzzi$9(OLS)http://semarc/publisher/57389 LEADER 00976nam a2200241 i 4500 001 000000346049 003 CaOOAMICUS 005 20260129104945.0 008 210517s1891 it u000 u ita u 013 $a81637 040 $aSeMil$bita 100 1 $aMazzini, Giuseppe,$d<1805-1872>.$0(OLS)http://semarc/name/1224 245 10$aDoveri dell'Uomo /$cdi Giuseppe Mazzini. 250 $aUndecima edizione 260 $aFirenze :$bStabilimento tipogr. di G. Civelli,$c1891. 300 $a95 p. ;$c19 cm 500 $aIn mezzo al front : Pensiero ed Azione, Dio e il popolo 650 4$aMazzini, Giuseppe <1805-1872> - Opere.$0(OLS)http://semarc/subject/26369 850 $aSeMil 852 $aSeMil$W1$xVenegono$y1$m5A III 6/23$j226091$B237091$CSeMilBibl$Z2$F237091 $8I 996 $6245$aDoveri dell'Uomo$9(OLS)http://semarc/title/457884 996 $6260$aFirenze :$bStabilimento tipogr. di G. Civelli$9(OLS)http://semarc/publisher/59812